MDQL
is popping MORE tags! Check the
thread
!
Quizzes
Events
Quiz Creation
Community
Videos
Private Events
Remove Ads
Sign In
Join for FREE
Feedback
Dark Mode
Quiz Categories
Sports
Geography
Music
Movies
Television
Just For Fun
Miscellaneous
History
Literature
Language
Science
Gaming
Entertainment
Religion
Holiday
For Kids
Quiz Lab
Recent
Popular Today
Quiz Kudos Today
Editor Picks
Curator Picks
Quizzes by...
Day
Popularity
Type
Ratings
Length
Year
Community
Subscriptions
Recent Discussions
Orange Saloon
Badges
Playlists
Quests
Create
Leaderboards
Showdown
Live 5
Trivia Bingo
Activity
Puzzle Library
Sporcle Events
Private Events
Virtual Trivia
Globe League
Become a Host
Pub Owners
SporcleCon
Opinionation
Our Games
Videos
Blog
Mobile Apps
Partnerships
Remove Ads and Go Orange
Feedback
Sports
Athletes
MLB
NBA
NHL
NFL
Soccer
Sports Teams
WWE
NCAA
Football
Premier League
Basketball
Baseball
Hockey
Golf
Tennis
Cricket
Rugby
Auto Racing
Olympics
World Cup
Sports
Athletes
MLB
NBA
NHL
NFL
Soccer
Sports Teams
WWE
NCAA
Football
Premier League
Basketball
Baseball
Hockey
Golf
Tennis
Cricket
Rugby
Auto Racing
Olympics
World Cup
Random Quiz
Search Sporcle
×
Quiz Lab
Quiz Lab
Sports
Baseball
Type in answers that appear in a list
Type in answers that appear in a list
Classic
Best Score? Go Orange.
MLB Saves Leaders 1980-89 Stats
Can you name the MLB Saves Leaders 1980-89
By
TheCooks
15m
106 Questions
372 Plays
372 Plays
372 Plays
Comments
Comments
Give Quiz Kudos
Give Quiz Kudos
-
- Ratings
hide this ad
More Info
Replay
Link that replays current quiz
Next Quiz
Link to next quiz in quiz playlist
You Got
0%
They Got
Avg Score
70%
Avg Friend Score
Upgrade to see
Score Distribution
Jump to the score distribution portion of the page
Score
0/106
Timer
15:00
0
Plays Today
1989
Answer
% Correct
1980
Dan Quisenberry
98.1%
1981
Dan Quisenberry
98.1%
1982
Dan Quisenberry
98.1%
1983
Dan Quisenberry
98.1%
1984
Dan Quisenberry
98.1%
1985
Dan Quisenberry
98.1%
1980
Goose Gossage
97.3%
1982
Goose Gossage
97.3%
1983
Goose Gossage
97.3%
1984
Goose Gossage
97.3%
1985
Goose Gossage
97.3%
1988
Dennis Eckersley
95.2%
1989
Dennis Eckersley
95.2%
1983
Lee Smith
94.9%
1984
Lee Smith
94.9%
1985
Lee Smith
94.9%
1985
Dave Smith
94.9%
1986
Lee Smith
94.9%
1986
Dave Smith
94.9%
1987
Lee Smith
94.9%
1987
Dave Smith
94.9%
1988
Lee Smith
94.9%
1981
Goose Gossage
94.1%
1984
Dave Righetti
92.5%
1985
Dave Righetti
92.5%
1986
Dave Righetti
92.5%
1987
Dave Righetti
92.5%
1980
Bruce Sutter
92.2%
1981
Bruce Sutter
92.2%
1982
Bruce Sutter
92.2%
1983
Bruce Sutter
92.2%
1984
Bruce Sutter
92.2%
1980
Rollie Fingers
90.1%
1981
Rollie Fingers
90.1%
1982
Rollie Fingers
90.1%
1982
Jeff Reardon
90.1%
1989
Answer
% Correct
1983
Jeff Reardon
90.1%
1985
Jeff Reardon
90.1%
1986
Jeff Reardon
90.1%
1987
Jeff Reardon
90.1%
1988
Jeff Reardon
90.1%
1989
Jeff Reardon
90.1%
1984
Willie Hernandez
89.5%
1985
Willie Hernandez
89.5%
1986
Willie Hernandez
89.5%
1982
Ron Davis
87.4%
1983
Ron Davis
87.4%
1984
Ron Davis
87.4%
1988
Mark Davis
87.4%
1989
Mark Davis
87.4%
1986
John Franco
83.9%
1987
John Franco
83.9%
1988
John Franco
83.9%
1989
John Franco
83.9%
1986
Steve Bedrosian
82.3%
1987
Steve Bedrosian
82.3%
1988
Bobby Thigpen
82.3%
1988
Steve Bedrosian
82.3%
1989
Bobby Thigpen
82.3%
1986
Tom Henke
82%
1987
Tom Henke
82%
1984
Jesse Orosco
78.2%
1986
Todd Worrell
75.3%
1987
Todd Worrell
75.3%
1988
Todd Worrell
75.3%
1988
Doug Jones
74.5%
1989
Doug Jones
74.5%
1985
Donnie Moore
69.1%
1983
Bob Stanley
66.4%
1989
Mitch Williams
66.4%
1982
Gene Garber
58.1%
1986
Gene Garber
58.1%
1989
Answer
% Correct
1987
Dan Plesac
58.1%
1988
Dan Plesac
58.1%
1989
Dan Plesac
58.1%
1987
Roger McDowell
53.5%
1989
Jeff Russell
51.6%
1981
Greg Minton
48.1%
1982
Greg Minton
48.1%
1983
Greg Minton
48.1%
1982
Bill Caudil
41.7%
1983
Bill Caudil
41.7%
1984
Bill Caudil
41.7%
1983
Al Holland
36.6%
1984
Al Holland
36.6%
1986
Don Aase
35.2%
1980
Tom Hume
34.1%
1981
Tom Hume
34.1%
1980
Neil Allen
33.3%
1980
Rick Camp
33.3%
1981
Neil Allen
33.3%
1981
Rick Camp
33.3%
1989
Mike Schooler
27.7%
1985
Jay Howell
27.2%
1988
Jim Gott
27.2%
1980
Ed Farmer
23.1%
1983
Pete Ladd
18.8%
1980
Doug Corbett
18%
1981
Doug Corbett
18%
1985
Ted Power
18%
1980
Tim Stoddard
16.9%
1980
Tom Burgmeier
14.5%
1982
Dan Spillner
8.6%
1982
Salome Barojas
8.3%
1981
Kevin Saucier
8.1%
1981
Gary Lucas
4.6%
Quiz Playlist
Details
Report
Send in Message
Add To Playlist
More Info:
Top Ten Saves Leaders for Major League Baseball between the years of 1980 and 1989
Classic:
Type in answers that appear in a list
Last Updated: Feb 16, 2017
Quiz Scoreboard
CHALLENGE
Sign Up to Join the Scoreboard
Show All
Scores
Hide
Comments
May contain spoilers
Recently Published
Image Sorting: Flags VI
by Barbecue
Geography
2m
Find the 'City' Movie
by crazypaving
Movies
60s
Colored Red Africa Blitz
by spor1
Geography
45s
More to Explore
Quiz From the Vault
Featured Blog Post
14 Easter Pick-up Lines to Find Eggs With
hide this ad
You Might Also Like...
Tags
Baseball Quiz
MLB Quiz
1980s
Today's Top Quizzes in Sports
Browse Sports
hide this ad
Today's Top Quizzes in Baseball
Browse Baseball
Top Contributed Quizzes in Sports
1
Les meilleurs buteurs des matchs entre le PSG et l’OM
2
Les entraîneurs de l'OM et du PSG au 21e siècle
3
Les joueurs passés par le PSG et l'OM
4
2022 World Cup Stars
5
Players with Multiple 50 Home Run Seasons
6
Criteria MLB: Left Handed Sluggers
7
Les joueurs passés par le LOSC et le RC Lens
8
NBA Logic Puzzle 2.0
9
MLB Players with Two .350 Batting Average Seasons
10
FIFA Club World Cup Champions
Explore More
Trending Topics
Disney
Kpop
Anime
NBA
Marvel
Crossword
Harry Potter
Pokémon
The Office
Song
Country
NFL
Soccer
WWE
Puzzle
hide this ad
More By:
TheCooks
Quiz
Plays
Rating
Category
Featured
Created
Top 300 mlb runs leaders of all time!
492
3.25
Sports
Jul 30, 2014
MLB Saves Leaders 1980-89
372
4.50
Sports
Aug 2, 2014
Go to Creator's Profile
Score Distribution
Quiz Creator Spotlight
TheCooks
Follow
Send a Message
Quizzes Created
-
Created Quiz Play Count
-
More By This Creator
Popular Quizzes Today
1
Colored Red Africa Blitz
2
Find the US States - No Outlines Minefield
3
Find the 'City' Movie
4
5x2 Blitz: Bands
5
The Countries of the World
6
Find the US States
7
Find the Countries of Europe - No Outlines Minefield
8
US States
More Sports Quizzes
World Cup: Champions that didn't advance to knockout
Curator's Pick
Trending Quizzes
Colored Red Europe Blitz I
Colored Red Europe Blitz II
Colored Red Africa Blitz II
Colored Red Europe Blitz III
Colored Red Africa Blitz III
Recently Updated
How Do You Spell That?
pecheneg
Godzilla Movies
pecheneg
Grab Bag: 4-10 Letters
pecheneg
2024 March Madness Bracket
pecheneg
Famous TV Couples
Peacemaker
Champions League XIs: Real Madrid
pecheneg
Largest US Cities 1790-2010
pecheneg
Rides in Walt Disney World
pecheneg
Most Oscar Losses (Acting)
pecheneg
Beyoncé Albums
pecheneg
Trending Topics
Disney
NBA
Crossword
Marvel
Harry Potter
Kpop
Anime
NFL
Country
Song
Soccer
WWE
Pokémon
Puzzle
The Office
Your Account Isn't Verified!
In order to create a playlist on Sporcle, you need to verify the email address you used during registration. Go to your
Sporcle Settings
to finish the process.
Report this User
Report this user for behavior that violates our
Community Guidelines
.
Details:
Send Report
Go to the Sporcle.com Mobile Site →
Comments